| 000 | 01874 a2200241 4500 | ||
|---|---|---|---|
| 999 |
_c10890 _d10890 |
||
| 020 | _a9780078050367 | ||
| 050 | 0 | 0 |
_aHM1033 _b.TAK 2007 |
| 100 |
_aNier, Jason _eauthor |
||
| 245 | 0 | 0 |
_aTaking sides : _bclashing views in social psychology / _cJason A. Nier |
| 250 | _aFourth edition | ||
| 264 |
_aNew York, NY : _bMcGraw-Hill, _c |
||
| 300 |
_axxviii, 478 pages : _billustrations ; 24 cm. |
||
| 336 |
_2rdacontent _atext _btxt |
||
| 337 |
_2unmediated _ardamedia _bn |
||
| 338 |
_2volume _ardacarrier _bnc |
||
| 500 | _aSelected, edited and with introductions by: Jason A. Nier. | ||
| 505 | _aIs deception of human participants ethical? Should social psychologists try to solve social problems? Can experimental social psychology and social constructionism coexist? Are our social perceptions often inaccurate? Does cognitive dissonance explain why behavior can change attitudes? Are self-esteem improvement programs misguided? Is the millennial generation more narcissistic than other generations? Can people accurately detect lies? Should research from social cognitive neuroscience be used to inform public policy? Do positive illusions lead to healthy behavior? Do Milgram's obedience experiments help explain the nature of the Holocaust? Is it possible to truly replicate Mildram's obedience experiments? Does the Stanford prison experiment help explain the effects of imprisonment? Is subliminal persuasion a myth? Can people really be brainwashed? Is stereotyping inevitable? Does the Implicit Association Test (IAT) measure racial prejudice? Can stereotypes lead to accurate perceptions of others? Does true altruism exist? Does media violence cause aggression? | ||
| 650 | 0 | _aSocial psychology | |
| 650 | 0 | _aSocial perception | |
| 650 | 0 | _a Social influence | |
| 700 | 1 |
_aNier, Jason A. _eauthor |
|
| 942 |
_2lcc _cBK _h1033 _iTAK _kHM |
||